The American journey / (Record no. 8253)

MARC details
000 -LEADER
fixed length control field 00718nam a22002292 4500
001 - CONTROL NUMBER
control field 0000012634
005 - DATE AND TIME OF LATEST TRANSACTION
control field 20151217152110.0
008 - FIXED-LENGTH DATA ELEMENTS--GENERAL INFORMATION
fixed length control field 090227s xx 000 0 eng d
020 ## - INTERNATIONAL STANDARD BOOK NUMBER
International Standard Book Number 0028232186 :
040 ## - CATALOGING SOURCE
Original cataloging agency KABU
Transcribing agency KABU
100 1# - MAIN ENTRY--PERSONAL NAME
Personal name Appleby, Joyce Oldham.
-- 0000112221
245 14 - TITLE STATEMENT
Title The American journey /
Statement of responsibility, etc. Joyce O. Appleby, Alan Brinkley, James M. McPherson.
250 ## - EDITION STATEMENT
Edition statement 1st ed.
260 ## - PUBLICATION, DISTRIBUTION, ETC. (IMPRINT)
Place of publication, distribution, etc. New York :
Name of publisher, distributor, etc. Glencoe,
Date of publication, distribution, etc. 1998.
300 ## - PHYSICAL DESCRIPTION
Extent xvii, [15], 933 p.
651 #0 - SUBJECT ADDED ENTRY--GEOGRAPHIC NAME
Geographic name United States
General subdivision History.
-- 0000148581
700 1# - ADDED ENTRY--PERSONAL NAME
Personal name Brinkley, Alan.
-- 0000079574
700 1# - ADDED ENTRY--PERSONAL NAME
Personal name McPherson, James M.
-- 0000038111
852 1# - LOCATION
-- p500 KES
908 ## - PUT COMMAND PARAMETER (RLIN)
Put command parameter 090227
950 ## - LOCAL HOLDINGS (RLIN)
-- 1
Holdings
Withdrawn status Lost status Source of classification or shelving scheme Not for loan Home library Current library Date acquired Total Checkouts Full call number Barcode Date last seen Date last checked out Price effective from Koha item type
    Library of Congress Classification   Kabarak, Main Campus Kabarak, Main Campus 17/12/2015 6 E178.1 .A67 1998 c. 2 16855 02/04/2026 30/03/2026 17/12/2015 General Collection
    Library of Congress Classification   Kabarak, Main Campus Kabarak, Main Campus 17/12/2015 1 E178.1 .A67 1998 c. 1 16854 02/03/2026 22/02/2026 17/12/2015 General Collection
Designed with assistance from East African Informatics Ltd